ARRUPE JESUIT UNIVERSITY

CORONAVIRUS -STOP THE SPREAD - CLEAN,DISINFECT,COVER

Henry Irving (Record no. 124483)

MARC details
000 -LEADER
fixed length control field 00462nam a22001457a 4500
008 - FIXED-LENGTH DATA ELEMENTS--GENERAL INFORMATION
fixed length control field 160323b xxu||||| |||| 00| 0 eng d
020 ## - INTERNATIONAL STANDARD BOOK NUMBER
International Standard Book Number 0-86287-890-X
050 ## - LIBRARY OF CONGRESS CALL NUMBER
Classification number PN2598.I7I71
100 ## - MAIN ENTRY--PERSONAL NAME
Personal name Irving, Laurence Henrey Forster
9 (RLIN) 23382
245 ## - TITLE STATEMENT
Title Henry Irving
Remainder of title : the actor and his world
Statement of responsibility, etc / Laurence Henry Forster Irving
260 ## - PUBLICATION, DISTRIBUTION, ETC. (IMPRINT)
Place of publication, distribution, etc London
Name of publisher, distributor, etc Columbus Books
Date of publication, distribution, etc 1989
300 ## - PHYSICAL DESCRIPTION
Extent xix, 734p. ;
Dimensions 22cm.
650 ## - SUBJECT ADDED ENTRY--TOPICAL TERM
Topical term or geographic name as entry element Irving, Henry
9 (RLIN) 23383
942 ## - ADDED ENTRY ELEMENTS (KOHA)
Source of classification or shelving scheme Library of Congress Classification
Item type Monograph ( Printed materials)
Holdings
Withdrawn status Lost status Source of classification or shelving scheme Damaged status Not for loan Collection code Home library Current library Shelving location Date acquired Total Checkouts Full call number Barcode Date last seen Price effective from Koha item type
    Library of Congress Classification     Main Collection ARRUPE LIBRARY ARRUPE LIBRARY Main Collection 23/03/2016   PN2598.I7I71 46500006281 27/03/2019 23/03/2016 Monograph ( Printed materials)

 

Arrupe Library. PO Box MP320 Mt Pleasant, Harare, Zimbabwe
263 242 745411|librarian@aju.ac.zw